Pascal et la maladie de la pensée (notice n° 1914565)
[ vue normale ]
| 000 -LEADER | |
|---|---|
| fixed length control field | 00502cam a2200145 4500500 |
| 005 - DATE AND TIME OF LATEST TRANSACTION | |
| control field | 20260329021713.0 |
| 041 ## - LANGUAGE CODE | |
| Language code of text/sound track or separate title | fre |
| 042 ## - AUTHENTICATION CODE | |
| Authentication code | dc |
| 100 10 - MAIN ENTRY--PERSONAL NAME | |
| Personal name | Cavallin, Jean-Christophe |
| Relator term | author |
| 245 00 - TITLE STATEMENT | |
| Title | Pascal et la maladie de la pensée |
| 260 ## - PUBLICATION, DISTRIBUTION, ETC. | |
| Date of publication, distribution, etc. | 2013.<br/> |
| 500 ## - GENERAL NOTE | |
| General note | 25 |
| 786 0# - DATA SOURCE ENTRY | |
| Note | Libres cahiers pour la psychanalyse | 28 | 2 | 2013-11-01 | p. 143-160 | 1625-7480 |
| 856 41 - ELECTRONIC LOCATION AND ACCESS | |
| Uniform Resource Identifier | <a href="https://shs.cairn.info/revue-libres-cahiers-pour-la-psychanalyse-2013-2-page-143?lang=fr&redirect-ssocas=7080">https://shs.cairn.info/revue-libres-cahiers-pour-la-psychanalyse-2013-2-page-143?lang=fr&redirect-ssocas=7080</a> |
Pas d'exemplaire disponible.




Réseaux sociaux